[Event "Benidorm Bali op-B 21st"]
[Site "Benidorm"]
[Date "2024.12.02"]
[Round "5"]
[White "Anguas Fanlo, Sergio"]
[Black "Bukharkov, Stepan"]
[Result "1-0"]
[WhiteElo "1897"]
[BlackElo "1991"]
[PlyCount "89"]
[EventDate "2024.11.29"]
[EventType "swiss"]
[EventRounds "9"]
[EventCountry "ESP"]
[SourceTitle "CB50_2024"]
[SourceDate "2024.11.01"]
[SourceVersion "1"]
[SourceVersionDate "2024.11.01"]
[SourceQuality "2"]

1. d4 d5 2. Bf4 c5 3. dxc5 Nf6 4. e3 e6 5. Bxb8 Rxb8 6. Bb5+ Bd7 7. Bxd7+ Qxd7 8. b4 a5 9. c3 b6 10. a4 axb4 11. cxb4 bxc5 12. b5 c4 13. Ne2 Bb4+ 14. Nbc3 Qd6 15. 0-0 Ng4 16. g3 h5 17. Qd4 Ne5 18. Kg2 h4 19. a5 hxg3 20. hxg3 Rh2+ 21. Kxh2 Nf3+ 22. Kg2 Nxd4 23. exd4 e5 24. b6 Qc6 25. a6 Qxb6 26. Rfb1 exd4 27. Ra4 Qa7 28. Nxd5 Qd7 29. a7 Qxd5+ 30. f3 Ra8 31. Rbxb4 d3 32. Nc3 Qd6 33. Ne4 Qe5 34. Rxc4 Qb2+ 35. Kh3 d2 36. Rd4 Rxa7 37. Nd6+ Kf8 38. Nf5 Re7 39. Ra8+ Re8 40. Rdd8 f6 41. Rxe8+ Kf7 42. Re7+ Kg6 43. Nh4+ Kh7 44. Ree8 g5 45. Re7+ 1-0

[Event "Benidorm Bali op-B 21st"]
[Site "Benidorm"]
[Date "2024.11.30"]
[Round "2"]
[White "Bukharkov, Stepan"]
[Black "San Juan Morigosa, Isaura"]
[Result "1-0"]
[WhiteElo "1991"]
[BlackElo "1888"]
[PlyCount "77"]
[EventDate "2024.11.29"]
[EventType "swiss"]
[EventRounds "9"]
[EventCountry "ESP"]
[SourceTitle "CB50_2024"]
[SourceDate "2024.11.01"]
[SourceVersion "1"]
[SourceVersionDate "2024.11.01"]
[SourceQuality "2"]

1. Nf3 Nf6 2. c4 g6 3. g3 Bg7 4. Bg2 0-0 5. 0-0 d6 6. Nc3 c6 7. d4 Qc7 8. b3 a5 9. Bb2 Na6 10. e4 e5 11. d5 Rb8 12. Qe2 Bg4 13. h3 Bxf3 14. Bxf3 Nd7 15. Rad1 Ndc5 16. Qc2 f5 17. a3 f4 18. Kg2 g5 19. Rb1 Rf6 20. Bc1 Rbf8 21. b4 Nd7 22. dxc6 bxc6 23. b5 Nab8 24. bxc6 Qxc6 25. Nd5 R6f7 26. Bh5 f3+ 27. Kh2 h6 28. Be3 Na6 29. Bxf7+ Rxf7 30. Qb3 a4 31. Qb5 Qxb5 32. cxb5 Nac5 33. b6 Nb7 34. Rfc1 Ndc5 35. Bxc5 dxc5 36. Rc4 Bf8 37. Rxa4 Bd6 38. Ra7 Kg7 39. a4 1-0